<?xml version="1.0" encoding="UTF-8"?>
<record
    xmlns:xsi="http://www.w3.org/2001/XMLSchema-instance"
    xsi:schemaLocation="http://www.loc.gov/MARC21/slim http://www.loc.gov/standards/marcxml/schema/MARC21slim.xsd"
    xmlns="http://www.loc.gov/MARC21/slim">

  <leader>03375nam a22002657a 4500</leader>
  <controlfield tag="005">20250703155110.0</controlfield>
  <controlfield tag="008">250627b        |||||||| |||| 00| 0 eng d</controlfield>
  <datafield tag="020" ind1=" " ind2=" ">
    <subfield code="a">9789392116988</subfield>
  </datafield>
  <datafield tag="040" ind1=" " ind2=" ">
    <subfield code="c">AL</subfield>
  </datafield>
  <datafield tag="041" ind1=" " ind2=" ">
    <subfield code="a">Kannada</subfield>
  </datafield>
  <datafield tag="082" ind1=" " ind2=" ">
    <subfield code="a">591.5K</subfield>
    <subfield code="b">MADY</subfield>
  </datafield>
  <datafield tag="100" ind1=" " ind2=" ">
    <subfield code="a">Madhav Gadgil  &#xCAE;&#xCBE;&#xCA7;&#xCB5; &#xC97;&#xCBE;&#xCA1;&#xCCD;&#xC97;&#xCC0;&#xCB3;</subfield>
    <subfield code="9">217104</subfield>
  </datafield>
  <datafield tag="245" ind1=" " ind2=" ">
    <subfield code="a">Yeru ghattada nadige : janasamudaya mattu nisargada jothege Prof Madhav Gadgil</subfield>
    <subfield code="b">&#xC8F;&#xCB0;&#xCC1;&#xC98;&#xC9F;&#xCCD;&#xC9F;&#xCA6; &#xCA8;&#xCA1;&#xCBF;&#xC97;&#xCC6; : &#xC9C;&#xCA8;&#xCB8;&#xCAE;&#xCC1;&#xCA6;&#xCBE;&#xCAF; &#xCAE;&#xCA4;&#xCCD;&#xCA4;&#xCC1; &#xCA8;&#xCBF;&#xCB8;&#xCB0;&#xCCD;&#xC97;&#xCA6; &#xC9C;&#xCCA;&#xCA4;&#xCC6;&#xC97;&#xCC6; &#xCAA;&#xCCD;&#xCB0;&#xCCA; &#xCAE;&#xCBE;&#xCA7;&#xCB5; &#xC97;&#xCBE;&#xCA1;&#xCCD;&#xC97;&#xCC0;&#xCB3;</subfield>
  </datafield>
  <datafield tag="260" ind1=" " ind2=" ">
    <subfield code="a">Mangaluru</subfield>
    <subfield code="b">Aakrithi Aashaya Publications</subfield>
    <subfield code="c">2025</subfield>
  </datafield>
  <datafield tag="300" ind1=" " ind2=" ">
    <subfield code="a">xvii,444p.</subfield>
    <subfield code="b">HB</subfield>
    <subfield code="c">22.5x15cm.</subfield>
  </datafield>
  <datafield tag="365" ind1=" " ind2=" ">
    <subfield code="b">&#x20B9;650.00</subfield>
    <subfield code="c">&#x20B9;</subfield>
    <subfield code="d">&#x20B9;650.00</subfield>
  </datafield>
  <datafield tag="520" ind1=" " ind2=" ">
    <subfield code="a">&#xCAE;&#xCCA;&#xCA6;&#xCB2;&#xCC1; &#xC88; &#xC95;&#xCC3;&#xCA4;&#xCBF; &#xCAA;&#xCCD;&#xCB0;&#xC95;&#xC9F;&#xCB5;&#xCBE;&#xCA6;&#xCA6;&#xCCD;&#xCA6;&#xCC1; &#xCAE;&#xCBE;&#xCA7;&#xCB5; &#xC97;&#xCBE;&#xCA1;&#xCCD;&#xC97;&#xCC0;&#xCB3;&#xCCD; &#xC85;&#xCB5;&#xCB0; &#xCA4;&#xCBE;&#xCAF;&#xCBF; &#xCAD;&#xCBE;&#xCB7;&#xCC6; &#xCAE;&#xCB0;&#xCBE;&#xCA0;&#xCBF;&#xCAF;&#xCB2;&#xCCD;&#xCB2;&#xCBF;. &#xC86;&#xCA8;&#xC82;&#xCA4;&#xCB0; &#xC85;&#xCA6;&#xCC1; &#xC87;&#xC82;&#xC97;&#xCCD;&#xCB2;&#xCBF;&#xCB7;&#xCCD;, &#xCB9;&#xCBF;&#xC82;&#xCA6;&#xCBF; &#xCAE;&#xCA4;&#xCCD;&#xCA4;&#xCC1; &#xC87;&#xCA4;&#xCB0; &#xCAD;&#xCBE;&#xCB0;&#xCA4;&#xCC0;&#xCAF; &#xCAD;&#xCBE;&#xCB7;&#xCC6;&#xC97;&#xCB3;&#xCBF;&#xC97;&#xCC6; &#xCAD;&#xCBE;&#xCB7;&#xCBE;&#xC82;&#xCA4;&#xCB0;&#xC97;&#xCCA;&#xC82;&#xCA1;&#xCBF;&#xCA6;&#xCC6;. &#xC87;&#xCA6;&#xCC0;&#xC97; &#xC95;&#xCA8;&#xCCD;&#xCA8;&#xCA1;&#xC95;&#xCCD;&#xC95;&#xCC6;&#xC85;&#xCA8;&#xCC1;&#xCB5;&#xCBE;&#xCA6; &#xCAE;&#xCBE;&#xCA1;&#xCBF;&#xCA6;&#xCB5;&#xCB0;&#xCC1; &#xCB9;&#xCC6;&#xCB8;&#xCB0;&#xCBE;&#xC82;&#xCA4; &#xCB9;&#xCBF;&#xCB0;&#xCBF;&#xCAF; &#xCAA;&#xCA4;&#xCCD;&#xCB0;&#xC95;&#xCB0;&#xCCD;&#xCA4;, &#xCAA;&#xCB0;&#xCBF;&#xCB8;&#xCB0;&#xCB5;&#xCBE;&#xCA6;&#xCBF; &#xCB5;&#xCBF;&#xC9C;&#xCCD;&#xC9E;&#xCBE;&#xCA8; &#xCB2;&#xCC7;&#xC96;&#xC95; &#xCA8;&#xCBE;&#xC97;&#xCC7;&#xCB6;&#xCCD; &#xCB9;&#xCC6;&#xC97;&#xCA1;&#xCC6; &#xCAE;&#xCA4;&#xCCD;&#xCA4;&#xCC1; &#xC85;&#xCB5;&#xCB0; &#xCB8;&#xCB9;&#xCCB;&#xCA6;&#xCB0;&#xCBF; &#xCB6;&#xCBE;&#xCB0;&#xCA6;&#xCBE; &#xC97;&#xCCB;&#xCAA;&#xCBE;&#xCB2;&#xCCD;. &#xCAE;&#xCB0;&#xCBE;&#xCA0;&#xCBF; &#xC97;&#xCBE;&#xCA1;&#xCCD;&#xC97;&#xCC0;&#xCB3;&#xCCD; &#xC85;&#xCB5;&#xCB0; &#xCB9;&#xCC1;&#xC9F;&#xCCD;&#xC9F;&#xCC1; &#xCA8;&#xCC6;&#xCB2;&#xCB5;&#xCBE;&#xCA6;&#xCB0;&#xCC2; &#xC85;&#xCB5;&#xCB0;&#xCC1; &#xCB9;&#xCC6;&#xC9A;&#xCCD;&#xC9A;&#xCC1; &#xC93;&#xCA1;&#xCBE;&#xCA1;&#xCBF;&#xCA6;&#xCCD;&#xCA6;&#xCC1; &#xC95;&#xCA8;&#xCCD;&#xCA8;&#xCA1;&#xCA6; &#xCAA;&#xCB0;&#xCBF;&#xCB8;&#xCB0;&#xCA6;&#xCB2;&#xCCD;&#xCB2;&#xCBF;. &#xC85;&#xCA6;&#xCB0;&#xCB2;&#xCCD;&#xCB2;&#xCC2; &#xCA8;&#xCBE;&#xC97;&#xCC7;&#xCB6;&#xCCD; &#xCB9;&#xCC6;&#xC97;&#xCA1;&#xCC6; &#xCB9;&#xCC1;&#xC9F;&#xCCD;&#xC9F;&#xCBF;&#xCA6; &#xC89;&#xCA4;&#xCCD;&#xCA4;&#xCB0; &#xC95;&#xCA8;&#xCCD;&#xCA8;&#xCA1;&#xCA6; &#xCAE;&#xCA3;&#xCCD;&#xCA3;&#xCBF;&#xCA8;&#xCB2;&#xCCD;&#xCB2;&#xCBF;. &#xC88; &#xC8B;&#xCA3; &#xCB8;&#xC82;&#xCA6;&#xCBE;&#xCAF;&#xCB5;&#xCCB; &#xC8F;&#xCA8;&#xCCB; &#xC85;&#xCA8;&#xCC1;&#xCB5;&#xCBE;&#xCA6; &#xCAE;&#xCC2;&#xCB2; &#xC95;&#xCA8;&#xCCD;&#xCA8;&#xCA1;&#xCA6;&#xCCD;&#xCA6;&#xCC7; &#xC8E;&#xCA8;&#xCCD;&#xCA8;&#xCC1;&#xCB5;&#xC82;&#xCA4;&#xCC6; &#xCAE;&#xCC2;&#xCA1;&#xCBF;&#xCAC;&#xC82;&#xCA6;&#xCBF;&#xCA6;&#xCC6;.

&#xCAE;&#xCBE;&#xCA7;&#xCB5; &#xC97;&#xCBE;&#xCA1;&#xCCD;&#xC97;&#xCC0;&#xCB3;&#xCCD; &#xC85;&#xCB5;&#xCB0; &#xC86;&#xCA4;&#xCCD;&#xCAE;&#xC95;&#xCA5;&#xCC6; &#x2018;&#xC8F;&#xCB0;&#xCC1;&#xC98;&#xC9F;&#xCCD;&#xC9F;&#xCA6; &#xCA8;&#xCA1;&#xCBF;&#xC97;&#xCC6;&#x2019;&#xCAF;&#xCB2;&#xCCD;&#xCB2;&#xCBF; &#xCAC;&#xCC7;&#xCB0;&#xCC6; &#xC86;&#xCA4;&#xCCD;&#xCAE;&#xC95;&#xCA5;&#xCC6;&#xC97;&#xCB3; &#xCB9;&#xCBE;&#xC97;&#xCC6; &#xCAC;&#xCB0;&#xCC0; &#xCAE;&#xCA8;&#xCC1;&#xCB7;&#xCCD;&#xCAF; &#xCB8;&#xC82;&#xCAC;&#xC82;&#xCA7;&#xC97;&#xCB3; &#xC9C;&#xCC0;&#xCB5;&#xCA8;&#xCB5;&#xCBE;&#xCB0;&#xCC1; &#xCB5;&#xCBF;&#xCB5;&#xCB0;&#xC97;&#xCB3;&#xCBF;&#xCB2;&#xCCD;&#xCB2;. &#xCAE;&#xCA8;&#xCC1;&#xCB7;&#xCCD;&#xCAF; &#xCAE;&#xCA4;&#xCCD;&#xCA4;&#xCC1; &#xCAA;&#xCCD;&#xCB0;&#xC95;&#xCC3;&#xCA4;&#xCBF; &#xCB8;&#xC82;&#xCAC;&#xC82;&#xCA7;&#xCA6; &#xC95;&#xCBE;&#xCB3;&#xC9C;&#xCBF;&#xCAF;&#xCBF;&#xCA6;&#xCC6;. &#xC87;&#xCB2;&#xCCD;&#xCB2;&#xCBF; &#xCB2;&#xCC7;&#xC96;&#xC95;&#xCB0;&#xCC1; &#xC95;&#xCCD;&#xCAF;&#xCBE;&#xCB2;&#xCC6;&#xC82;&#xCA1;&#xCB0;&#xCCD; &#xCAD;&#xCC2;&#xCAA;&#xC9F; &#xC97;&#xCA1;&#xCBF;&#xCAF;&#xCBE;&#xCB0; &#xCA6;&#xCBE;&#xC9F;&#xCBF; &#xCAC;&#xCB0;&#xCBF;&#xCAE;&#xCA3;&#xCCD;&#xCA3;&#xCBF;&#xCA8; &#xCAE;&#xCC7;&#xCB2;&#xCC6; &#xCA8;&#xCA1;&#xCC6;&#xCA6;&#xCBF;&#xCA6;&#xCCD;&#xCA6;&#xCBE;&#xCB0;&#xCC6;. &#xC86; &#xC95;&#xCBE;&#xCB0;&#xCA3;&#xC95;&#xCCD;&#xC95;&#xCBE;&#xC97;&#xCBF; &#xCAF;&#xCBE;&#xCB5;&#xCA4;&#xCCD;&#xCA4;&#xCC2; &#xC88; &#xCAA;&#xCC1;&#xCB8;&#xCCD;&#xCA4;&#xC95; &#xCAE;&#xCA8;&#xCC1;&#xCB7;&#xCCD;&#xCAF; &#xCB5;&#xCBF;&#xCAD;&#xC9C;&#xCBF;&#xCB8;&#xCBF;&#xC95;&#xCCA;&#xC82;&#xCA1; &#xC95;&#xCC7;&#xCB5;&#xCB2; &#xCAE;&#xCA8;&#xCC1;&#xCB7;&#xCCD;&#xCAF; &#xCAE;&#xCBE;&#xCA4;&#xCCD;&#xCB0; &#xCAC;&#xCA6;&#xCC1;&#xC95;&#xCC1;&#xCB5; &#xCA4;&#xCC1;&#xC82;&#xCA1;&#xCC1; &#xCA4;&#xCC1;&#xC82;&#xCA1;&#xCC1; &#xCAD;&#xCC2;&#xCAE;&#xCBF;&#xCAF; &#xC95;&#xCA5;&#xCC6;&#xCAF;&#xCB2;&#xCCD;&#xCB2;, &#xCB8;&#xC95;&#xCB2; &#xC9C;&#xCC0;&#xCB5;&#xCB0;&#xCBE;&#xCB6;&#xCBF;&#xCAF;&#xCC1; &#xC85;&#xC96;&#xC82;&#xCA1; &#xCB5;&#xCBF;&#xCB6;&#xCCD;&#xCB5;&#xCA6; &#xC85;&#xCAA;&#xCBE;&#xCAF;&#xCA6; &#xCAD;&#xCB5;&#xCBF;&#xCB7;&#xCCD;&#xCAF;&#xCB5;&#xCA8;&#xCCD;&#xCA8;&#xCC1; &#xC8A;&#xCB9;&#xCBF;&#xCB8;&#xCBF; &#xC8E;&#xC9A;&#xCCD;&#xC9A;&#xCB0;&#xCBF;&#xCB8;&#xCC1;&#xCB5; &#xCB5;&#xCBF;&#xCB6;&#xCCD;&#xCB5; &#xCAA;&#xCB0;&#xCBF;&#xCB8;&#xCB0;&#xCA6; &#xC95;&#xCA5;&#xCC6;.
</subfield>
  </datafield>
  <datafield tag="650" ind1=" " ind2=" ">
    <subfield code="a">AutoBiography</subfield>
    <subfield code="9">216242</subfield>
  </datafield>
  <datafield tag="650" ind1=" " ind2=" ">
    <subfield code="a">Wild life</subfield>
    <subfield code="9">216243</subfield>
  </datafield>
  <datafield tag="650" ind1=" " ind2=" ">
    <subfield code="a">A walk up the hill:living with people and nature</subfield>
    <subfield code="9">217105</subfield>
  </datafield>
  <datafield tag="650" ind1=" " ind2=" ">
    <subfield code="a">biodiversity</subfield>
    <subfield code="9">216244</subfield>
  </datafield>
  <datafield tag="700" ind1=" " ind2=" ">
    <subfield code="a">Nagesh Hegade Tr &#xCA8;&#xCBE;&#xC97;&#xCC7;&#xCB6;  &#xCB9;&#xCC6;&#xC97;&#xCA1;&#xCC6; </subfield>
    <subfield code="9">216245</subfield>
  </datafield>
  <datafield tag="700" ind1=" " ind2=" ">
    <subfield code="a">Sharada Gopal Tr  &#xCB6;&#xCBE;&#xCB0;&#xCA6;&#xCBE; &#xC97;&#xCCB;&#xCAA;&#xCBE;&#xCB2;</subfield>
    <subfield code="9">216246</subfield>
  </datafield>
  <datafield tag="942" ind1=" " ind2=" ">
    <subfield code="2">ddc</subfield>
    <subfield code="c">DB</subfield>
  </datafield>
  <datafield tag="999" ind1=" " ind2=" ">
    <subfield code="c">234553</subfield>
    <subfield code="d">234553</subfield>
  </datafield>
  <datafield tag="952" ind1=" " ind2=" ">
    <subfield code="0">0</subfield>
    <subfield code="1">0</subfield>
    <subfield code="2">ddc</subfield>
    <subfield code="4">0</subfield>
    <subfield code="7">0</subfield>
    <subfield code="8">KAN</subfield>
    <subfield code="a">AL</subfield>
    <subfield code="b">AL</subfield>
    <subfield code="d">2025-06-11</subfield>
    <subfield code="g">650.00</subfield>
    <subfield code="l">0</subfield>
    <subfield code="o">591.5K MADY</subfield>
    <subfield code="p">D06328</subfield>
    <subfield code="r">2025-06-27 11:01:03</subfield>
    <subfield code="v">650.00</subfield>
    <subfield code="w">2025-06-27</subfield>
    <subfield code="y">DB</subfield>
  </datafield>
</record>
